[Event "Niederoesterreichische Landesliga"]
[Site "Verschiedene"]
[Date "2018.10.28"]
[Round "3"]
[Board "4"]
[White "Seidler, Dieter"]
[Black "Schmid, Thomas"]
[Result "0-1"]
[WhiteElo "1959"]
[BlackElo "2141"]
[PlyCount "86"]
[EventDate "2018.09.30"]
[EventType "team"]
[EventRounds "11"]
[EventCountry "AUT"]
[WhiteTeam "SGM Bisamberg/Korneuburg"]
[BlackTeam "SV Stockerau"]

1. d4 Nf6 2. c4 e6 3. Nf3 d5 4. e3 Be7 5. Nc3 O-O 6. b3 b6 7. cxd5 exd5 8. Bd3
Bb7 9. O-O c5 10. Bb2 Nbd7 11. Rc1 Rc8 12. Qe2 Qc7 13. Bf5 Qb8 14. Ne5 Nxe5 15.
dxe5 Qxe5 16. Bxc8 Rxc8 17. Nb5 Qb8 18. f4 Rc6 19. Be5 Qa8 20. Rfd1 Ne8 21. g3
Re6 22. Qg4 d4 23. Nc7 Bf3 24. Qxe6 fxe6 25. Nxa8 Bxa8 26. exd4 Kf7 27. dxc5
Bxc5+ 28. Kf1 Bc6 29. Bd4 Bb5+ 30. Kg2 Bb4 31. Bc3 Ba3 32. Rc2 Bc6+ 33. Kf2 Bd5
34. Be5 Bc5+ 35. Kf1 Nf6 36. Bxf6 Kxf6 37. Rxd5 exd5 38. Re2 a5 39. Re5 d4 40.
Ke2 h6 41. Kd3 g5 42. fxg5+ hxg5 43. g4 Kxe5  0-1

[Event "Niederoesterreichische Landesliga"]
[Site "Verschiedene"]
[Date "2018.10.28"]
[Round "3"]
[Board "1"]
[White "Sandhoefner, Florian"]
[Black "Mikes, Jan"]
[Result "1/2-1/2"]
[WhiteElo "2332"]
[BlackElo "2307"]
[PlyCount "49"]
[EventDate "2018.09.30"]
[EventType "team"]
[EventRounds "11"]
[EventCountry "AUT"]
[WhiteTeam "SV Amstetten"]
[BlackTeam "SGM Mistelbach/Altlichtenwarth"]

1. d4 Nf6 2. c4 g6 3. Nc3 Bg7 4. e4 d6 5. Nf3 O-O 6. Be2 e5 7. dxe5 dxe5 8.
Qxd8 Rxd8 9. Bg5 c6 10. Nxe5 Re8 11. O-O-O Nbd7 12. f4 Nc5 13. Bf3 h6 14. Bxf6
Bxf6 15. Nd3 Nxd3+ 16. Rxd3 Be6 17. b3 a5 18. a4 Rab8 19. Rhd1 Rbc8 20. Kc2 Be7
21. Kd2 Bb4 22. e5 b5 23. axb5 Bxc3+ 24. Rxc3 cxb5 25. cxb5 {Rest unleserlich}
 1/2-1/2

[Event "Niederoesterreichische Landesliga"]
[Site "Verschiedene"]
[Date "2018.10.28"]
[Round "3"]
[Board "2"]
[White "Vrana, Frantisek"]
[Black "Rumpl, Erwin"]
[Result "1/2-1/2"]
[WhiteElo "2252"]
[BlackElo "2293"]
[PlyCount "94"]
[EventDate "2018.09.30"]
[EventType "team"]
[EventRounds "11"]
[EventCountry "AUT"]
[WhiteTeam "SGM Mistelbach/Altlichtenwarth"]
[BlackTeam "SV Amstetten"]

1. d4 Nf6 2. Nc3 c5 3. d5 d6 4. e4 g6 5. Be2 Bg7 6. Nf3 Bg4 7. Nd2 Bxe2 8. Qxe2
O-O 9. O-O Nbd7 10. Nc4 Ne8 11. a4 a6 12. Bg5 Bf6 13. Bxf6 exf6 14. f4 Qe7 15.
Rae1 Rd8 16. Rf3 Nc7 17. a5 Nb5 18. Qf2 Rfe8 19. Rfe3 Qf8 20. Ne2 Rb8 21. Qh4
Qe7 22. Ng3 Nd4 23. Rc1 b5 24. Nd2 c4 25. Ngf1 f5 26. Qxe7 Rxe7 27. c3 Nb3 28.
Nxb3 cxb3 29. exf5 Rxe3 30. Nxe3 Nc5 31. Rd1 Re8 32. Kf2 Re4 33. Kf3 Ra4 34.
Ng4 gxf5 35. Nh6+ Kf8 36. Nxf5 Rxa5 37. Nxd6 Ra2 38. Rd2 Na4 39. Re2 Rxb2 40.
Re8+ Kg7 41. Nf5+ Kf6 42. g4 Rc2 43. Rh8 Rxc3+ 44. Kg2 Rc4 45. Kf3 Rc3+ 46. Kg2
Rc2+ 47. Kf3 Rc3+  1/2-1/2

[Event "Niederoesterreichische Landesliga"]
[Site "Verschiedene"]
[Date "2018.10.28"]
[Round "3"]
[Board "3"]
[White "Rechberger, Franz"]
[Black "Hofmann, Thomas"]
[Result "1/2-1/2"]
[WhiteElo "2106"]
[BlackElo "2257"]
[PlyCount "51"]
[EventDate "2018.09.30"]
[EventType "team"]
[EventRounds "11"]
[EventCountry "AUT"]
[WhiteTeam "SV Amstetten"]
[BlackTeam "SGM Mistelbach/Altlichtenwarth"]

1. e4 Nc6 2. Nf3 f5 3. e5 d6 4. Bb5 Bd7 5. Qe2 e6 6. d4 d5 7. Bg5 Be7 8. Bxe7
Qxe7 9. Nc3 a6 10. Bxc6 Bxc6 11. Qe3 Nh6 12. O-O-O b5 13. Nd2 b4 14. Ne2 Ba4
15. Nf4 Ng4 16. Qf3 c5 17. Nc4 cxd4 18. h3 O-O 19. hxg4 dxc4 20. gxf5 b3 21.
axb3 cxb3 22. Qh5 h6 23. f6 Qc7 24. Qg6 Rxf6 25. exf6 Qxf4+ 26. Rd2  1/2-1/2

[Event "Niederoesterreichische Landesliga"]
[Site "Verschiedene"]
[Date "2018.10.28"]
[Round "3"]
[Board "4"]
[White "Teuber, Andreas"]
[Black "Dumancic, Pero"]
[Result "1-0"]
[WhiteElo "2169"]
[BlackElo "2069"]
[PlyCount "103"]
[EventDate "2018.09.30"]
[EventType "team"]
[EventRounds "11"]
[EventCountry "AUT"]
[WhiteTeam "SGM Mistelbach/Altlichtenwarth"]
[BlackTeam "SV Amstetten"]

1. d4 Nf6 2. c4 e6 3. Nf3 d5 4. g3 c6 5. b3 Nbd7 6. Bg2 Bb4+ 7. Bd2 Bd6 8. Nc3
O-O 9. O-O Re8 10. Qc2 h6 11. Rfd1 Qe7 12. Rac1 Ba3 13. Rb1 Bd6 14. Bc1 b6 15.
Bb2 Bb7 16. e3 Rac8 17. Qe2 Ba6 18. Qe1 dxc4 19. Bf1 Bb7 20. bxc4 c5 21. Nd2
Rcd8 22. Nb5 Bb8 23. Ba3 a6 24. Nc3 Qd6 25. f3 Qc6 26. Bg2 Bd6 27. Bb2 Be7 28.
Qe2 Ba8 29. Nb3 Qc7 30. Rbc1 Bc6 31. Rd2 Bb7 32. Rcd1 Nf8 33. Ne4 Nxe4 34. fxe4
Bg5 35. Rc2 Bc6 36. Rf1 Ba4 37. h4 Be7 38. Qg4 Bxb3 39. axb3 e5 40. Rcf2 Qd7
41. Qf3 cxd4 42. Qxf7+ Kh8 43. exd4 exd4 44. Kh2 Bc5 45. Qh5 Qe6 46. Rf7 a5 47.
R1f4 Nh7 48. Bh3 Qe5 49. Bf5 Rf8 50. Qg6 Kg8 51. Rb7 Rxf5 52. Rxf5  1-0

[Event "Niederoesterreichische Landesliga"]
[Site "Verschiedene"]
[Date "2018.10.28"]
[Round "3"]
[Board "2"]
[White "Blatny, Pavel"]
[Black "Khalakhan, Jurij"]
[Result "0-1"]
[WhiteElo "2336"]
[BlackElo "2219"]
[PlyCount "70"]
[EventDate "2018.09.30"]
[EventType "team"]
[EventRounds "11"]
[EventCountry "AUT"]
[WhiteTeam "SK Zwettl"]
[BlackTeam "SGM Litschau/Eisgarn"]

1. d4 Nf6 2. Nf3 g6 3. Nc3 Bg7 4. e4 d6 5. Be2 a6 6. Be3 b5 7. a3 Bb7 8. Nd2
Nbd7 9. f4 O-O 10. O-O Rc8 11. e5 Nd5 12. Nxd5 Bxd5 13. Bf3 Nb6 14. Bxd5 Nxd5
15. Qf3 Nxe3 16. Qxe3 c5 17. Nf3 cxd4 18. Nxd4 dxe5 19. fxe5 Qd5 20. Rae1 Rc5
21. Qf2 Bxe5 22. Ne6 Rcc8 23. Nxf8 Bd4 24. Re3 Bxe3 25. Qxe3 Rxc2 26. Rf2 Rxf2
27. Kxf2 Kxf8 28. Qc3 e5 29. Qc8+ Kg7 30. Qxa6 Qd4+ 31. Kg3 Qf4+ 32. Kh3 h5 33.
g3 Qf1+ 34. Kh4 Qf5 35. h3 Kh6  0-1

[Event "Niederoesterreichische Landesliga"]
[Site "Verschiedene"]
[Date "2018.10.28"]
[Round "3"]
[Board "3"]
[White "Bauer, Thomas"]
[Black "Vyskocil, Neklan"]
[Result "1/2-1/2"]
[WhiteElo "2171"]
[BlackElo "2315"]
[PlyCount "128"]
[EventDate "2018.09.30"]
[EventType "team"]
[EventRounds "11"]
[EventCountry "AUT"]
[WhiteTeam "SGM Litschau/Eisgarn"]
[BlackTeam "SK Zwettl"]

1. e4 g6 2. d4 Bg7 3. c3 d6 4. Nf3 Nf6 5. Bd3 O-O 6. O-O Nbd7 7. Re1 e5 8. Nbd2
Re8 9. Nf1 c6 10. Ng3 Qc7 11. a4 a5 12. Bg5 h6 13. Bd2 Nf8 14. h3 Ne6 15. Qc2
Nd7 16. Rad1 Ndf8 17. Bc4 Qe7 18. Be3 Nf4 19. Qc1 Qf6 20. Bxf4 Qxf4 21. Qxf4
exf4 22. Nf1 g5 23. N1d2 Ng6 24. Bd3 Bf8 25. Nc4 Be7 26. Nb6 Rb8 27. Nd2 Bd8
28. Ndc4 Bc7 29. b4 axb4 30. cxb4 Kg7 31. Kf1 Bxb6 32. Nxb6 f3 33. Nxc8 fxg2+
34. Kxg2 Rbxc8 35. Kg3 Re7 36. Ra1 Nf4 37. Bc2 Rce8 38. Re3 f5 39. Rae1 fxe4
40. Bxe4 Kf6 41. b5 d5 42. Bf3 cxb5 43. axb5 b6 44. h4 Ne6 45. hxg5+ Nxg5 46.
Rxe7 Rxe7 47. Rxe7 Kxe7 48. Bxd5 Kd6 49. Bc6 Ne6 50. d5 Nc5 51. f3 Ke5 52. f4+
Kd6 53. Kg4 Ne4 54. Kh5 Ke7 55. Kxh6 Kf6 56. Be8 Ke7 57. Bc6 Kf6 58. Bd7 Nc3
59. Bc6 Ne4 60. Kh7 Kf5 61. Kg7 Kxf4 62. Kf7 Ke5 63. Ke7 Nd6 64. Kd7 Nxb5
 1/2-1/2

[Event "Niederoesterreichische Landesliga"]
[Site "Verschiedene"]
[Date "2018.10.28"]
[Round "3"]
[Board "4"]
[White "Buchnicek, Petr"]
[Black "Popelka, Oldrich"]
[Result "1-0"]
[WhiteElo "2328"]
[BlackElo "2126"]
[PlyCount "55"]
[EventDate "2018.09.30"]
[EventType "team"]
[EventRounds "11"]
[EventCountry "AUT"]
[WhiteTeam "SK Zwettl"]
[BlackTeam "SGM Litschau/Eisgarn"]

1. e4 c5 2. c3 Nf6 3. e5 Nd5 4. d4 cxd4 5. cxd4 d6 6. Bc4 Nb6 7. Bb5+ Bd7 8. e6
fxe6 9. Bd3 Bc6 10. Nf3 Bxf3 11. Qxf3 Nc6 12. Qh5+ Kd7 13. Be3 Nd5 14. Nc3 Nxc3
15. bxc3 Qa5 16. Qg4 g6 17. O-O Bg7 18. Rab1 Qxa2 19. c4 b6 20. d5 Nd8 21.
dxe6+ Kc7 22. Bd4 Bxd4 23. Qxd4 Nc6 24. Qd5 Rac8 25. Be4 Kb8 26. Qb5 Na5 27.
Qa6 Kc7 28. Rxb6  1-0

[Event "Niederoesterreichische Landesliga"]
[Site "Verschiedene"]
[Date "2018.11.11"]
[Round "4"]
[Board "1"]
[White "Hofmann, Thomas"]
[Black "Khalakhan, Jurij"]
[Result "0-1"]
[WhiteElo "2257"]
[BlackElo "2219"]
[PlyCount "132"]
[EventDate "2018.09.30"]
[EventType "team"]
[EventRounds "11"]
[EventCountry "AUT"]
[WhiteTeam "SGM Mistelbach/Altlichtenwarth"]
[BlackTeam "SGM Litschau/Eisgarn"]

1. d4 d6 2. c4 e5 3. Nc3 Be7 4. Nf3 Nc6 5. e3 f5 6. Be2 Nf6 7. b4 e4 8. Nd2 O-O
9. a3 Kh8 10. Qc2 Nb8 11. Bb2 c6 12. d5 a5 13. dxc6 Nxc6 14. b5 Ne5 15. Nb3 Be6
16. Nd4 Qd7 17. Na4 Bd8 18. c5 Rc8 19. Rc1 Nd5 20. Qd2 Bg8 21. O-O f4 22. exf4
Nxf4 23. Qe3 Nxe2+ 24. Nxe2 Nd3 25. Qxe4 Nxc1 26. Rxc1 dxc5 27. Nxc5 Qxb5 28.
Bd4 Bf6 29. Rb1 Qe8 30. Be3 Qxe4 31. Nxe4 Bc4 32. Nxf6 Bxe2 33. Rb2 Rxf6 34.
Rxe2 h6 35. g4 b5 36. Rb2 Rb8 37. h4 b4 38. g5 hxg5 39. hxg5 Rc6 40. axb4 axb4
41. Kg2 b3 42. Kf3 Rc2 43. Rb1 Kh7 44. Ke4 Kg6 45. Kd3 Rd8+ 46. Ke4 Rb8 47. Kd3
Rc6 48. Ke4 Kf7 49. Kd5 Rc2 50. Ke5 Ra2 51. Kd4 Ke6 52. Kc3 Rc2+ 53. Kd3 Rd8+
54. Ke4 b2 55. Bb6 Rd6 56. Be3 Kd7 57. f4 Kc6 58. f5 Rc4+ 59. Kf3 Rb4 60. Ke2
Kb5 61. Bd2 Rb3 62. Bf4 Rd4 63. Bd2 Ka4 64. f6 gxf6 65. gxf6 Rd7 66. Bf4 Ka3
 0-1

[Event "Niederoesterreichische Landesliga"]
[Site "Verschiedene"]
[Date "2018.11.11"]
[Round "4"]
[Board "3"]
[White "Vrana, Frantisek"]
[Black "Plasil, Jiri"]
[Result "0-1"]
[WhiteElo "2252"]
[BlackElo "2048"]
[PlyCount "118"]
[EventDate "2018.09.30"]
[EventType "team"]
[EventRounds "11"]
[EventCountry "AUT"]
[WhiteTeam "SGM Mistelbach/Altlichtenwarth"]
[BlackTeam "SGM Litschau/Eisgarn"]

1. d4 d5 2. Nf3 e6 3. Bf4 Bd6 4. Bg3 f5 5. e3 Nf6 6. Nbd2 O-O 7. c4 c6 8. Ne5
Bb4 9. a3 Bxd2+ 10. Qxd2 Ne4 11. Qc2 Nxg3 12. hxg3 Nd7 13. Nd3 Nf6 14. Be2 Bd7
15. O-O-O Be8 16. Kb1 Qe7 17. Ka1 Bg6 18. Ne5 Qe8 19. Rh3 Ng4 20. Nd3 h6 21.
Rh4 Rc8 22. Rc1 b5 23. cxb5 cxb5 24. Qd2 Rxc1+ 25. Qxc1 a5 26. f3 Nf6 27. Qc5
Qb8 28. Ne5 Be8 29. Rh1 Nd7 30. Qxb5 Qxb5 31. Bxb5 Nxe5 32. Bxe8 Nxf3 33. gxf3
Rxe8 34. Rc1 h5 35. f4 Kf7 36. Rc7+ Kf6 37. Ra7 g5 38. Rxa5 gxf4 39. exf4 Rg8
40. Rc5 Rxg3 41. a4 Rd3 42. a5 Rxd4 43. b3 Rb4 44. Kb2 Ke7 45. Ka3 Rb8 46. Rc7+
Kd6 47. Rc1 h4 48. b4 h3 49. Ka4 h2 50. a6 Rh8 51. Rh1 Kc7 52. Ka5 Rh3 53. Rc1+
Kb8 54. Kb6 Rh7 55. Rh1 d4 56. b5 d3 57. Kc6 d2 58. Kb6 Rd7 59. Rxh2 Rd6+  0-1

[Event "Niederoesterreichische Landesliga"]
[Site "Verschiedene"]
[Date "2018.11.11"]
[Round "4"]
[Board "4"]
[White "Popelka, Oldrich"]
[Black "Mayer, Josef"]
[Result "0-1"]
[WhiteElo "2126"]
[BlackElo "1973"]
[PlyCount "66"]
[EventDate "2018.09.30"]
[EventType "team"]
[EventRounds "11"]
[EventCountry "AUT"]
[WhiteTeam "SGM Litschau/Eisgarn"]
[BlackTeam "SGM Mistelbach/Altlichtenwarth"]

1. c4 Nf6 2. Nc3 g6 3. g3 Bg7 4. Bg2 O-O 5. Nf3 d6 6. O-O e5 7. d3 Nc6 8. Rb1
a5 9. a3 Re8 10. b4 axb4 11. axb4 e4 12. Nxe4 Nxe4 13. dxe4 Rxe4 14. Nd2 Re8
15. Bb2 Bxb2 16. Rxb2 Qf6 17. Rb1 Bf5 18. e4 Be6 19. Qc2 Ra3 20. Qb2 Qxb2 21.
Rxb2 Ne5 22. Rc2 Nd3 23. Rb1 Ra4 24. e5 Nxe5 25. Bxb7 Rb8 26. Bd5 Bf5 27. Be4
Bxe4 28. Nxe4 Raxb4 29. Rxb4 Rxb4 30. Nf6+ Kg7 31. Ne8+ Kf8 32. Nxc7 Nf3+ 33.
Kf1 Rb1+  0-1

[Event "Niederoesterreichische Landesliga"]
[Site "Verschiedene"]
[Date "2018.11.11"]
[Round "4"]
[Board "1"]
[White "Wetscherek, Gerhard"]
[Black "Sandhoefner, Florian"]
[Result "0-1"]
[WhiteElo "2074"]
[BlackElo "2332"]
[PlyCount "108"]
[EventDate "2018.09.30"]
[EventType "team"]
[EventRounds "11"]
[EventCountry "AUT"]
[WhiteTeam "SGM Bisamberg/Korneuburg"]
[BlackTeam "SV Amstetten"]

1. e4 c5 2. Nf3 d6 3. Bc4 Nc6 4. c3 Nf6 5. Qe2 Bg4 6. h3 Bh5 7. g4 Bg6 8. e5
dxe5 9. Nxe5 Nxe5 10. Qxe5 e6 11. d4 cxd4 12. Bb5+ Nd7 13. Qxd4 a6 14. Bxd7+
Qxd7 15. Qxd7+ Kxd7 16. Ke2 Bd6 17. Be3 Rac8 18. Nd2 Ke7 19. Nf3 h5 20. Nh4 Be4
21. f3 Bc6 22. Kf2 Bd5 23. Bd4 Bc5 24. Bxc5+ Rxc5 25. a3 Bc6 26. Ng2 Rd5 27.
Rhd1 hxg4 28. hxg4 Rhd8 29. Ne3 Rd2+ 30. Kg3 Rxb2 31. Rxd8 Kxd8 32. c4 Ke7 33.
g5 Re2 34. Ng4 f5 35. gxf6+ gxf6 36. Rh1 f5 37. Rh7+ Kd6 38. Nh2 Ra2 39. Rh6
Rxa3 40. Kf4 Rc3 41. Kg5 Rxc4 42. Kf6 a5 43. Kf7 Bd5 44. Nf1 Rc7+ 45. Kf6 Bxf3
46. Ne3 Be4 47. Rh8 a4 48. Rd8+ Kc5 49. Kxe6 b5 50. Ke5 a3 51. Rd1 b4 52. Rc1+
Kb6 53. Nc4+ Ka6 54. Kd4 b3  0-1

[Event "Niederoesterreichische Landesliga"]
[Site "Verschiedene"]
[Date "2018.11.11"]
[Round "4"]
[Board "3"]
[White "Pammer, Andreas"]
[Black "Rechberger, Franz"]
[Result "0-1"]
[WhiteElo "2086"]
[BlackElo "2106"]
[PlyCount "44"]
[EventDate "2018.09.30"]
[EventType "team"]
[EventRounds "11"]
[EventCountry "AUT"]
[WhiteTeam "SGM Bisamberg/Korneuburg"]
[BlackTeam "SV Amstetten"]

1. c4 Nf6 2. Nc3 c5 3. Nf3 d5 4. cxd5 Nxd5 5. g3 Nc6 6. Bg2 Nc7 7. d3 e5 8. Be3
Be7 9. Nd2 Qd7 10. Rc1 b6 11. a3 Bb7 12. O-O O-O 13. Nc4 f6 14. b4 cxb4 15.
axb4 Ne6 16. Qa4 Rfd8 17. b5 Ncd4 18. Bxb7 Qxb7 19. Qa2 Kh8 20. Qb2 Qd7 21. Ra1
Rac8 22. Ra2 Bd6 {ZÃœ}  0-1

[Event "Niederoesterreichische Landesliga"]
[Site "Verschiedene"]
[Date "2018.11.11"]
[Round "4"]
[Board "1"]
[White "Rubil, Marko"]
[Black "Groetz, Harald"]
[Result "1-0"]
[WhiteElo "2201"]
[BlackElo "2339"]
[PlyCount "97"]
[EventDate "2018.09.30"]
[EventType "team"]
[EventRounds "11"]
[EventCountry "AUT"]
[WhiteTeam "SK Advisory Invest Baden"]
[BlackTeam "SV Stockerau"]

1. e4 c5 2. Nf3 e6 3. d4 cxd4 4. Nxd4 a6 5. Bd3 Bc5 6. Nb3 Be7 7. Qg4 g6 8. c4
Nc6 9. Qg3 Nb4 10. O-O d6 11. Nc3 Nxd3 12. Qxd3 Nf6 13. h3 O-O 14. Bh6 Re8 15.
f4 b5 16. cxb5 axb5 17. a3 Ba6 18. Qe3 b4 19. axb4 Bxf1 20. Rxf1 d5 21. f5 Nxe4
22. fxe6 f5 23. Nxe4 dxe4 24. Nc5 Bxc5 25. bxc5 Rxe6 26. Qc3 Qf6 27. Qc4 Kf7
28. Bd2 Qd8 29. Bc3 Qd3 30. Qb3 Rae8 31. Ra1 Qe3+ 32. Kh1 Qxc5 33. Ra5 Qc6 34.
Qd1 Qc4 35. Qe1 R8e7 36. Qh4 Qf1+ 37. Kh2 h5 38. Qg5 e3 39. Qh6 Ke8 40. Qh8+
Kd7 41. Ra7+ Kc6 42. Qc8+ Kb5 43. Ra5+ Kb6 44. Qc5+ Kb7 45. Rb5+ Ka6 46. Ra5+
Kb7 47. Ra7+ Kb8 48. Be5+ Rxe5 49. Qb6+  1-0

[Event "Niederoesterreichische Landesliga"]
[Site "Verschiedene"]
[Date "2018.11.11"]
[Round "4"]
[Board "2"]
[White "Schirmbeck, Hannes"]
[Black "Zojer, Stefan"]
[Result "1/2-1/2"]
[WhiteElo "2126"]
[BlackElo "2125"]
[PlyCount "68"]
[EventDate "2018.09.30"]
[EventType "team"]
[EventRounds "11"]
[EventCountry "AUT"]
[WhiteTeam "SV Stockerau"]
[BlackTeam "SK Advisory Invest Baden"]

1. e4 e5 2. Nf3 Nc6 3. Nc3 Nf6 4. d4 exd4 5. Nxd4 Bb4 6. Nxc6 bxc6 7. Bd3 d5 8.
exd5 O-O 9. O-O cxd5 10. Bg5 c6 11. Qf3 Bd6 12. Rfe1 Rb8 13. Ne2 Bg4 14. Bxf6
Bxf3 15. Bxd8 Bxe2 16. Rxe2 Rfxd8 17. c3 g6 18. Rae1 a5 19. g3 Kf8 20. Kg2 Rd7
21. f4 a4 22. Rc1 Re7 23. Rcc2 Rxe2+ 24. Rxe2 Be7 25. Kf3 Bf6 26. a3 c5 27. Rd2
Rb3 28. Kf2 c4 29. Be2 d4 30. Bxc4 dxc3 31. Bxb3 cxd2 32. Bxa4 Bxb2 33. Ke2
Bxa3 34. Kxd2 Bc5  1/2-1/2

[Event "Niederoesterreichische Landesliga"]
[Site "Verschiedene"]
[Date "2018.11.11"]
[Round "4"]
[Board "3"]
[White "Herndlbauer, Martin"]
[Black "Schmid, Thomas"]
[Result "1-0"]
[WhiteElo "2058"]
[BlackElo "2141"]
[PlyCount "69"]
[EventDate "2018.09.30"]
[EventType "team"]
[EventRounds "11"]
[EventCountry "AUT"]
[WhiteTeam "SK Advisory Invest Baden"]
[BlackTeam "SV Stockerau"]

1. c4 e5 2. e3 Nf6 3. Nc3 Nc6 4. Nf3 Bb4 5. Qc2 O-O 6. Nd5 Re8 7. Qf5 d6 8.
Nxf6+ Qxf6 9. Qxf6 gxf6 10. a3 Bc5 11. b4 Bb6 12. Bb2 a5 13. b5 Ne7 14. d4 e4
15. Ng1 a4 16. Bc3 c6 17. Rb1 c5 18. Ne2 Kg7 19. Nf4 Ba5 20. Bxa5 Rxa5 21. Be2
f5 22. h4 b6 23. dxc5 dxc5 24. Rd1 Ra8 25. Nh5+ Kh8 26. Nf6 Rf8 27. Rd6 Rb8 28.
Kd2 Be6 29. Kc3 Rfd8 30. Rhd1 Rxd6 31. Rxd6 Ng6 32. h5 Ne7 33. h6 Ng8 34. Nd5
Nxh6 35. Nxb6  1-0

[Event "Niederoesterreichische Landesliga"]
[Site "Verschiedene"]
[Date "2018.11.11"]
[Round "4"]
[Board "4"]
[White "Riegler, Rene"]
[Black "Rudolf, Herbert"]
[Result "1/2-1/2"]
[WhiteElo "2016"]
[BlackElo "2089"]
[PlyCount "100"]
[EventDate "2018.09.30"]
[EventType "team"]
[EventRounds "11"]
[EventCountry "AUT"]
[WhiteTeam "SV Stockerau"]
[BlackTeam "SK Advisory Invest Baden"]

1. e4 c5 2. c3 d5 3. exd5 Qxd5 4. d4 Nf6 5. Nf3 Bg4 6. Nbd2 e6 7. Bc4 Qd6 8.
Qb3 Qc7 9. O-O Nc6 10. Re1 cxd4 11. Nxd4 Be7 12. h3 Nxd4 13. cxd4 Bf5 14. Bb5+
Kf8 15. Qf3 a6 16. Bf1 Rd8 17. Nb3 Qd7 18. Nc5 Bxc5 19. dxc5 Qd5 20. Qa3 Kg8
21. Be3 h6 22. Qa4 Kh7 23. Bc4 Qd7 24. Qa5 Nd5 25. Rad1 Qc7 26. Bd2 Rd7 27. Bb3
Rc8 28. Ba4 Rdd8 29. a3 Qxc5 30. Qxc5 Rxc5 31. Bb3 Rb5 32. Bb4 Rc8 33. Ba4 Rb6
34. Ba5 Rxb2 35. Bd7 Rcc2 36. Rxd5 Rxf2 37. Rxf5 exf5 38. Kh1 Rxg2 39. Bxf5+ g6
40. Bd3 Rh2+ 41. Kg1 Rbg2+ 42. Kf1 Ra2 43. Kg1 Rxh3 44. Bc4 Raxa3 45. Re7 Rxa5
46. Rxf7+ Kh8 47. Rf8+ Kg7 48. Rf7+ Kh8 49. Rf8+ Kg7 50. Rf7+ Kh8  1/2-1/2

[Event "Niederoesterreichische Landesliga"]
[Site "Verschiedene"]
[Date "2018.11.11"]
[Round "4"]
[Board "1"]
[White "Kuba, Guenter"]
[Black "Peyrer, Konstantin"]
[Result "1-0"]
[WhiteElo "2328"]
[BlackElo "2150"]
[PlyCount "59"]
[EventDate "2018.09.30"]
[EventType "team"]
[EventRounds "11"]
[EventCountry "AUT"]
[WhiteTeam "SGM Voest Krems"]
[BlackTeam "ASK Kottingbrunn"]

1. e4 c5 2. Nf3 d6 3. Bb5+ Nd7 4. d4 cxd4 5. Qxd4 a6 6. Bxd7+ Bxd7 7. Bg5 Nf6
8. Bxf6 gxf6 9. Nc3 Rg8 10. Nh4 Bh6 11. Nd5 Rc8 12. Nf5 Rxc2 13. O-O Rd2 14.
Qc4 Rxd5 15. Nxh6 Rg6 16. Qxd5 Rxh6 17. Qxb7 a5 18. Rfc1 Rh5 19. a4 f5 20. exf5
Rxf5 21. Rc7 e6 22. Rac1 Re5 23. h3 Rc5 24. R7xc5 dxc5 25. Rxc5 Qh4 26. Rxa5
Qc4 27. Ra8+ Ke7 28. Qb8 Qd3 29. Qb4+ Kf6 30. Qc3+  1-0

[Event "Niederoesterreichische Landesliga"]
[Site "Verschiedene"]
[Date "2018.11.11"]
[Round "4"]
[Board "2"]
[White "Wirius, Johannes"]
[Black "Enoeckl, Philipp"]
[Result "0-1"]
[WhiteElo "2185"]
[BlackElo "2294"]
[PlyCount "136"]
[EventDate "2018.09.30"]
[EventType "team"]
[EventRounds "11"]
[EventCountry "AUT"]
[WhiteTeam "ASK Kottingbrunn"]
[BlackTeam "SGM Voest Krems"]

1. c4 g6 2. Nc3 Bg7 3. Nf3 Nf6 4. e4 d6 5. d4 O-O 6. h3 e5 7. d5 a5 8. Bd3 Na6
9. O-O Nh5 10. a3 Nf4 11. Bc2 c5 12. Ne2 Nxe2+ 13. Qxe2 Bd7 14. Bd2 Qc7 15.
Rab1 Rfb8 16. Bd3 Ra7 17. Rfc1 b6 18. Ne1 Qd8 19. f4 f6 20. Nc2 Rab7 21. Qe1
Bh6 22. Qh4 Bxf4 23. Bxf4 exf4 24. Qxf4 Qe7 25. Rf1 Kg7 26. Rf2 Rf8 27. Rbf1
Rbb8 28. Ne3 Qe5 29. Ng4 Qxf4 30. Rxf4 Bxg4 31. Rxg4 Rb7 32. Rgf4 Nb8 33. g4 g5
34. R4f3 Nd7 35. Be2 Re8 36. Re3 Nf8 37. Rb1 Rbe7 38. Bd3 Ng6 39. b4 axb4 40.
axb4 Ne5 41. bxc5 bxc5 42. Be2 Ra8 43. Rb6 Rd7 44. Reb3 Ra2 45. Rb2 Rda7 46.
Rxa2 Rxa2 47. Kf1 Nf7 48. Bd1 Ra7 49. Kf2 Kf8 50. Ke2 Ke7 51. Rb8 Nd8 52. Bc2
h6 53. e5 fxe5 54. Bf5 Ra2+ 55. Kf3 Ra3+ 56. Kg2 Ra4 57. Rc8 e4 58. Rc7+ Kf6
59. Rd7 Nf7 60. Be6 Ne5 61. Rxd6 Nxc4 62. Rc6 Ra2+ 63. Kg1 Ke5 64. Rxc5 Nd2 65.
Bg8 Kd4 66. Rc1 Nf3+ 67. Kf1 e3 68. d6 Rf2#  0-1

[Event "Niederoesterreichische Landesliga"]
[Site "Verschiedene"]
[Date "2018.11.11"]
[Round "4"]
[Board "3"]
[White "Woeber, Friedrich"]
[Black "Fabisch, Christian"]
[Result "1-0"]
[WhiteElo "2134"]
[BlackElo "2017"]
[PlyCount "65"]
[EventDate "2018.09.30"]
[EventType "team"]
[EventRounds "11"]
[EventCountry "AUT"]
[WhiteTeam "SGM Voest Krems"]
[BlackTeam "ASK Kottingbrunn"]

1. e4 d5 2. exd5 Qxd5 3. Nc3 Qd6 4. d4 Nf6 5. Nf3 c6 6. Ne5 Nbd7 7. Nc4 Qc7 8.
Qf3 Nb6 9. Bf4 Qd7 10. O-O-O Qg4 11. Qxg4 Bxg4 12. f3 Be6 13. Nxb6 axb6 14. Bc7
b5 15. d5 Nxd5 16. Nxd5 cxd5 17. Bxb5+ Bd7 18. Rxd5 Bxb5 19. Rxb5 Rxa2 20. Kb1
Ra7 21. Rd1 f6 22. Rd8+ Kf7 23. Bb8 Ra6 24. Rxb7 g6 25. c4 Bg7 26. Rxh8 Bxh8
27. c5 f5 28. Rb6 Ra5 29. c6 Bd4 30. Rb4 e5 31. Rc4 Rb5 32. c7 Rxb2+ 33. Kc1
 1-0

[Event "Niederoesterreichische Landesliga"]
[Site "Verschiedene"]
[Date "2018.11.11"]
[Round "4"]
[Board "4"]
[White "Dittel, Herbert"]
[Black "Kleiser, Gregor"]
[Result "0-1"]
[WhiteElo "2062"]
[BlackElo "2192"]
[PlyCount "84"]
[EventDate "2018.09.30"]
[EventType "team"]
[EventRounds "11"]
[EventCountry "AUT"]
[WhiteTeam "ASK Kottingbrunn"]
[BlackTeam "SGM Voest Krems"]

1. d4 Nf6 2. Nf3 e6 3. Bf4 c5 4. e3 Qb6 5. Qc1 Nc6 6. c3 Be7 7. Bd3 Qa5 8. h3
d6 9. Nbd2 b5 10. O-O Ba6 11. dxc5 dxc5 12. Qc2 Rd8 13. Rfd1 c4 14. Be2 Qb6 15.
b3 cxb3 16. axb3 O-O 17. c4 Nb4 18. Qb1 bxc4 19. bxc4 Bb7 20. Nd4 Nd7 21. Nb5
e5 22. Bg3 a6 23. Nc3 f6 24. Na4 Qa7 25. Nb3 Nc5 26. Nbxc5 Bxc5 27. Qb3 Be4 28.
Qc3 Bc2 29. Rd2 Bxa4 30. Rxa4 Rxd2 31. Qxd2 Qb6 32. Ra1 Rd8 33. Qc3 a5 34. Rd1
Rd6 35. Bf3 Qd8 36. Rxd6 Qxd6 37. Be2 h6 38. Kf1 a4 39. f3 Nc6 40. Be1 a3 41.
Qb3 Kh8 42. Bd3 a2  0-1

[Event "Niederoesterreichische Landesliga"]
[Site "Verschiedene"]
[Date "2018.11.11"]
[Round "4"]
[Board "1"]
[White "Weinzettl, Ernst"]
[Black "Kranzl, Peter"]
[Result "1-0"]
[WhiteElo "2220"]
[BlackElo "2168"]
[PlyCount "67"]
[EventDate "2018.09.30"]
[EventType "team"]
[EventRounds "11"]
[EventCountry "AUT"]
[WhiteTeam "ASVOE VHS Poechlarn"]
[BlackTeam "KSV Boehlerwerk"]

1. e4 c6 2. d4 d5 3. e5 Bf5 4. h4 h5 5. Bd3 Bxd3 6. Qxd3 e6 7. Bg5 Qb6 8. Nd2
c5 9. c4 Nc6 10. Ngf3 cxd4 11. O-O Nge7 12. Rfc1 Nf5 13. cxd5 Nb4 14. Qb3 exd5
15. a3 Nc6 16. Qxd5 Nd8 17. Qe4 g6 18. Bf6 Rg8 19. Nc4 Qc6 20. Qd3 Qd7 21. Bxd8
Rxd8 22. Re1 Be7 23. Re4 Kf8 24. Rae1 Kg7 25. e6 fxe6 26. Nce5 Qe8 27. Qb3 b6
28. Nd3 Bf6 29. Rxe6 Qf8 30. Nf4 Kh6 31. Qd3 Qf7 32. Qe4 Rd7 33. Nxh5 Bd8 34.
Nf4  1-0